Lecturas sobre educación de adultos en América Latina (Record no. 4311)

MARC details
000 -LEADER
campo de control de longitud fija 01052nmc a2200373 a 4500
003 - IDENTIFICADOR DE NÚMERO DE CONTROL
campo de control AR-BaBNM
005 - FECHA Y HORA DE LA ÚLTIMA TRANSACCIÓN
campo de control 20251128203639.0
008 - DATOS DE LONGITUD FIJA--INFORMACIÓN GENERAL
campo de control de longitud fija 207019s1985 ||||||||||||||000 | spa||
040 ## - FUENTE DE CATALOGACIÓN
Centro/agencia transcriptor AR-BaBNM
245 10 - MENCIÓN DEL TÍTULO
Título Lecturas sobre educación de adultos en América Latina
260 ## - PUBLICACIÓN, DISTRIBUCIÓN, ETC.
Lugar de publicación, distribución, etc. México, D.F.
Nombre del editor, distribuidor, etc. Crefal
-- Unesco
Fecha de publicación, distribución, etc. 1985
300 0# - DESCRIPCIÓN FÍSICA
Extensión 342 p.
Otros detalles físicos il.
490 #0 - MENCIÓN DE SERIE
Mención de serie Retablo de papel
Designación de volumen o secuencia v. 14
650 #4 - PUNTO DE ACCESO ADICIONAL DE MATERIA--TÉRMINO DE MATERIA
Término de materia o nombre geográfico como elemento de entrada EDUCACION DE ADULTOS
650 #4 - PUNTO DE ACCESO ADICIONAL DE MATERIA--TÉRMINO DE MATERIA
Término de materia o nombre geográfico como elemento de entrada ALFABETIZACION
650 #4 - PUNTO DE ACCESO ADICIONAL DE MATERIA--TÉRMINO DE MATERIA
Término de materia o nombre geográfico como elemento de entrada POBREZA
651 #4 - PUNTO DE ACCESO ADICIONAL DE MATERIA--NOMBRE GEOGRÁFICO
Nombre geográfico América Latina
653 #0 - TÉRMINO DE INDIZACIÓN--NO CONTROLADO
Término no controlado INVESTIGACION EDUCATIVA
653 #0 - TÉRMINO DE INDIZACIÓN--NO CONTROLADO
Término no controlado ESTRATEGIAS EDUCATIVAS
653 #0 - TÉRMINO DE INDIZACIÓN--NO CONTROLADO
Término no controlado EDUCACION POPULAR
653 #0 - TÉRMINO DE INDIZACIÓN--NO CONTROLADO
Término no controlado INVESTIGACION PARTICIPATIVA
700 1# - ENTRADA AGREGADA--NOMBRE PERSONAL
Nombre de persona Barquera, Humberto
700 1# - ENTRADA AGREGADA--NOMBRE PERSONAL
Nombre de persona Rodríguez Brandao, Carlos
700 1# - ENTRADA AGREGADA--NOMBRE PERSONAL
Nombre de persona Aguilar, Rubén
700 1# - ENTRADA AGREGADA--NOMBRE PERSONAL
Nombre de persona Nagel, José
700 1# - ENTRADA AGREGADA--NOMBRE PERSONAL
Nombre de persona Rodríguez F., Eugenio
700 1# - ENTRADA AGREGADA--NOMBRE PERSONAL
Nombre de persona Schmelkes, Sylvia
700 1# - ENTRADA AGREGADA--NOMBRE PERSONAL
Nombre de persona Vío Grossi, Francisco
700 1# - ENTRADA AGREGADA--NOMBRE PERSONAL
Nombre de persona Klees, Steven
700 1# - ENTRADA AGREGADA--NOMBRE PERSONAL
Nombre de persona Werthein, Jorge
700 1# - ENTRADA AGREGADA--NOMBRE PERSONAL
Nombre de persona Latapí, Pablo
Término indicativo de función/relación compilador
942 ## - ELEMENTOS DE ENTRADA SECUNDARIOS (KOHA)
Tipo de ítem Koha Libros
998 ## - INFORMACIÓN DE CONTROL LOCAL (RLIN)
Iniciales del catalogador, CIN (RLIN) Carmen
Holdings
Estatus retirado Estado de pérdida Fuente de la clasificación o esquema de estantería Estado de daño No para préstamo Biblioteca de origen Biblioteca actual Fecha de adquisición Total de préstamos Signatura topográfica completa Código de barras Visto por última vez Precio de reemplazo Tipo de ítem Koha
    Clasificación Decimal Dewey     Liberty Liberty 28/11/2025   374.7 BAR 063684 28/11/2025 28/11/2025 Libros
    Clasificación Decimal Dewey     Liberty Liberty 28/11/2025   374.7 BAR 063693 28/11/2025 28/11/2025 Libros